BIBLIOTECA

SENCICO

Trabajos en altura : (Registro nro. 201)

Detalles MARC
000 -LEADER
fixed length control field 01644nam a2200301Ia 4500
003 - CONTROL NUMBER IDENTIFIER
control field PE SENCICO BE
005 - DATE AND TIME OF LATEST TRANSACTION
control field 20251020182429.0
008 - FIXED-LENGTH DATA ELEMENTS--GENERAL INFORMATION
fixed length control field 200515s9999 xx 000 0 und d
020 ## - INTERNATIONAL STANDARD BOOK NUMBER
International Standard Book Number 978-84-92735-76-1
040 ## - CATALOGING SOURCE
Original cataloging agency PE SENCICO BE
Transcribing agency PE SENCICO BE
041 ## - LANGUAGE CODE
Language code of text/sound track or separate title spa
082 ## - DEWEY DECIMAL CLASSIFICATION NUMBER
Classification number 363.117
Item number M26
100 1# - MAIN ENTRY--PERSONAL NAME
Personal name Martinez Pascual, Juan Ramón
9 (RLIN) 2478
Relator term autor
245 10 - TITLE STATEMENT
Title Trabajos en altura :
Remainder of title seguridad y uso de EPI contra caídas /
Statement of responsibility, etc. Juan Ramón Martínez Pascual
250 ## - EDITION STATEMENT
Edition statement [1a ed.]
260 ## - PUBLICATION, DISTRIBUTION, ETC.
Place of publication, distribution, etc. Madrid :
Name of publisher, distributor, etc. Fundación Confemetal ;
Date of publication, distribution, etc. [2011]
300 ## - PHYSICAL DESCRIPTION
Extent 143 p. :
Other physical details il., tbl. ;
Dimensions 23 cm.
505 0# - FORMATTED CONTENTS NOTE
Formatted contents note Conceptos básicos de seguridad relacionados con el trabajo realizado en altura -- Los EPI fundamentales para el trabajo en altura -- Contenidos específicos: utilización de EPI según estructura del lugar de trabajo -- Técnicas específicas -- Emergencia en altura, evacuación y rescate -- Índice de términos y siglas utilizados -- Soluciones a los cuestionarios de evaluación
520 3# - SUMMARY, ETC.
Summary, etc. Presenta soluciones prácticas tanto para el que trabaja en altura como para el que organiza y planifica el trabajo y la seguridad de los demás. Cada capítulo incluye, asimismo, una relación de objetivos específicos, ejercicios de autoevaluación y recordatorios sobre datos de especial relevancia.
650 10 - SUBJECT ADDED ENTRY--TOPICAL TERM
Topical term or geographic name entry element Seguridad industrial
9 (RLIN) 96
650 20 - SUBJECT ADDED ENTRY--TOPICAL TERM
Topical term or geographic name entry element Empleos peligrosos
9 (RLIN) 2479
650 20 - SUBJECT ADDED ENTRY--TOPICAL TERM
Topical term or geographic name entry element Accidentes de trabajo
9 (RLIN) 348
650 20 - SUBJECT ADDED ENTRY--TOPICAL TERM
Topical term or geographic name entry element Medidas de seguridad
9 (RLIN) 2480
650 20 - SUBJECT ADDED ENTRY--TOPICAL TERM
Topical term or geographic name entry element Riesgos laborales
9 (RLIN) 610
650 20 - SUBJECT ADDED ENTRY--TOPICAL TERM
Topical term or geographic name entry element Trabajos en altura
9 (RLIN) 2481
650 20 - SUBJECT ADDED ENTRY--TOPICAL TERM
Topical term or geographic name entry element EPI (Equipos de protección individual)
9 (RLIN) 2482
942 ## - ADDED ENTRY ELEMENTS (KOHA)
Koha item type Libros
Source of classification or shelving scheme Dewey Decimal Classification
Existencias
Fecha de la última vez que lo usaron Número de ingreso o de inventario Pago total Signatura topográfica completa Código de barras Precio efectivo desde Tipo de documento Estado perdido Sistema de clasificación Estado dañado No es para préstamo Retirado Ubicación permanente Ubicación actual Fecha de adquisición
15/05/2020 17786   363.117/M26 BibLima24070089 15/05/2020 Libros   Dewey Decimal Classification       Biblioteca Central Lima Biblioteca Central Lima 15/05/2020